Implementing Japanese al techniques turning the tables for a winning strategy

Salvato in:
Dettagli Bibliografici
Autore principale: Greene, Richard
Natura: Libro
Lingua:Undetermined
Pubblicazione: New York McGraw - Hill Publishing Company 1989
Soggetti:
Tags: Aggiungi Tag
Nessun Tag, puoi essere il primo ad aggiungerne! !
Thư viện lưu trữ: Trung tâm Học liệu Trường Đại học Cần Thơ
LEADER 00565nam a2200193Ia 4500
001 CTU_82952
008 210402s9999 xx 000 0 und d
082 |a 650 
082 |b G799 
100 |a Greene, Richard 
245 0 |a Implementing Japanese al techniques turning the tables for a winning strategy 
245 0 |c Richard Greene 
260 |a New York 
260 |b McGraw - Hill Publishing Company 
260 |c 1989 
650 |a Business 
650 |x Data processing 
904 |i QHieu(sửa) 
980 |a Trung tâm Học liệu Trường Đại học Cần Thơ